000 00402nam a2200145 i 4500
001 27193
003 ES-MaACL
005 20230906153557.0
008 030113s1969 sp |||| | spa d
100 1 _aArroyo García, Juan.
_923372
245 1 0 _aHistorias de un hombre solo /
_cJuan Arroyo García.
260 _aMadrid :
_bCertamen,
_c1969.
300 _a157 p. ;
_c20 cm.
852 _aES-MaACL
_jC-2240
999 _c27193
_d27193